Statistiken für Spieler mit mindestens 30 Toren in einer Bundesligasaison

Klicken Sie hier um das Quiz zu spielen!

Allgemein

  • Dieses Quiz wurde 887 mal gespielt
    (106 seit der letzten Aktualisierung)
  • Das Durchschnittsergebnis liegt bei 14 aus 16

Antwortstatistiken

SaisonVereinToreSpieler% Korrekt
1968/1969FC Bayern München30Gerd Müller
98%
1969/1970FC Bayern München38Gerd Müller
98%
1971/1972FC Bayern München40Gerd Müller
98%
1972/1973FC Bayern München36Gerd Müller
98%
1973/1974FC Bayern München30Gerd Müller
98%
2023/2024FC Bayern München36Harry Kane
98%
2015/2016FC Bayern München30Robert Lewandowski
98%
2016/2017FC Bayern München30Robert Lewandowski
98%
2019/2020FC Bayern München34Robert Lewandowski
98%
2020/2021FC Bayern München41Robert Lewandowski
98%
2021/2022FC Bayern München35Robert Lewandowski
98%
1976/19771. FC Köln34Dieter Müller
97%
2016/2017Borussia Dortmund31Pierre-Emerick Aubameyang
87%
1963/1964Hamburger SV30Uwe Seeler
85%
1973/1974Borussia Mönchengladbach30Jupp Heynckes
48%
1965/1966Borussia Dortmund31Lothar Emmerich
21%

Verteilung der Resultate

Perzentil nach korrekt beantworteten Fragen

Anzahl Personen mit jedem Resultat

Ihre Resultats-Entwicklung

Sie haben dieses Quiz seit der letzten Aktualisierung nicht gespielt